LDR 00793naa#a2200169#i#450# 001 RU\INFRA-M\bibl\118179 005 20260416103903.4 011 ## _a2305-7807 100 ## _a20260227b2026####ek#y0rusy0150####ca 102 ## _aRU 200 1# _aМОТИВАЦИЯ ПЕРСОНАЛА КАК ОСНОВА ЧЕЛОВЕКОЦЕНТРИЧНОГО УПРАВЛЕНИЯ В ОРГАНИЗАЦИИ _eЖурнальная статья 210 1# _aМосква _cОбщество с ограниченной ответственностью «Научно-издательский центр ИНФРА-М» _d2026 215 ## _a6 с. 608 ## _aЖурнальная статья _2local 675 ## _aОценка литературных данных. 303.832.23 _z 700 #1 _aКурашенко _gТ. Н. 856 4# _anaukaru.ru _u